| 000 -LEADER |
| fixed length control field |
01919 a2200253 4500 |
| 003 - CONTROL NUMBER IDENTIFIER |
| control field |
Nust |
| 005 - DATE AND TIME OF LATEST TRANSACTION |
| control field |
20230905110138.0 |
| 010 ## - LIBRARY OF CONGRESS CONTROL NUMBER |
| LC control number |
00038854 |
| 020 ## - INTERNATIONAL STANDARD BOOK NUMBER |
| Terms of availability |
0780353560 |
| 040 ## - CATALOGING SOURCE |
| Transcribing agency |
Nust |
| 082 00 - DEWEY DECIMAL CLASSIFICATION NUMBER |
| Classification number |
629.8,SAM |
| 245 00 - TITLE STATEMENT |
| Title |
Perspectives in control engineering : |
| Remainder of title |
technologies, applications, and new directions / |
| Statement of responsibility, etc. |
[edited by] Tariq Samad. |
| 260 ## - PUBLICATION, DISTRIBUTION, ETC. |
| Place of publication, distribution, etc. |
New York : |
| Name of publisher, distributor, etc. |
IEEE Press, |
| Date of publication, distribution, etc. |
c2001. |
| 300 ## - PHYSICAL DESCRIPTION |
| Extent |
xxv, 503 p. : |
| Other physical details |
ill. ; |
| Dimensions |
26 cm. |
| 505 ## - FORMATTED CONTENTS NOTE |
| Formatted contents note |
Real-Time Computing and Control (Page-1), Discrete-Event Systems and Their Optimization (Page-20), Computer-Automated Control System Design (Page-42), System Modeling (Page-71), Intelligent Control: an Overview of Techniques (Page-104), Neural, Fuzzy, and Approximation-Based Control (Page-134), Supervisory Hybrid Control Systems (Page-165), Variable Structure and Sliding-Mode Control (Page-189), Control Systems for "Complexity Management (Page-218), Control of Multivehicle Aerospace Systems (Page-239), Affordable Flight Control for Aircraft and Missiles (Page-259), Industrial Process Control (Page-291), Power System Control and Estimation in a Competitive Environment (Page-324), Intelligent Transportation Systems: Roadway Applications (Page-348), Automotive Power train Controller Development Using Cacsd (Page-370), Building Control and Automation Systems (Page-393), Controlling Civil Infrastructures (Page-417), Robot Control (Page-442), Control of Communication Networks (Page-462) |
| 650 #0 - SUBJECT ADDED ENTRY--TOPICAL TERM |
| Topical term or geographic name entry element |
Automatic control. |
| 650 #0 - SUBJECT ADDED ENTRY--TOPICAL TERM |
| Location of event |
Telecommunication engineering |
| 651 ## - SUBJECT ADDED ENTRY--GEOGRAPHIC NAME |
| Geographic name |
Control theory. |
| 9 (RLIN) |
99428 |
| 700 1# - ADDED ENTRY--PERSONAL NAME |
| Personal name |
Samad, Tariq. |
| 9 (RLIN) |
99429 |
| 856 42 - ELECTRONIC LOCATION AND ACCESS |
| Materials specified |
Contributor biographical information |
| Uniform Resource Identifier |
<a href="http://www.loc.gov/catdir/bios/wiley043/00038854.html">http://www.loc.gov/catdir/bios/wiley043/00038854.html</a> |
| 856 42 - ELECTRONIC LOCATION AND ACCESS |
| Materials specified |
Publisher description |
| Uniform Resource Identifier |
<a href="http://www.loc.gov/catdir/description/wiley036/00038854.html">http://www.loc.gov/catdir/description/wiley036/00038854.html</a> |
| 856 42 - ELECTRONIC LOCATION AND ACCESS |
| Materials specified |
Table of Contents |
| Uniform Resource Identifier |
<a href="http://www.loc.gov/catdir/toc/onix07/00038854.html">http://www.loc.gov/catdir/toc/onix07/00038854.html</a> |
| 942 ## - ADDED ENTRY ELEMENTS (KOHA) |
| Koha item type |
Reference |
| Source of classification or shelving scheme |
|